Grandes dates de l'histoire: La seconde guerre mondiale à aujourd'hui - Statistiques

Statistiques générales
  • Ce quiz a été pris 422 fois
    203 depuis la dernière actualisation
  • Le résultat moyen est 22 sur 61
Statistiques - réponses
Hint Réponse % Correct
Début de la crise économique aux États-Unis (Grande Dépression) 1929
91%
Début de la seconde guerre mondiale. Signature du pacte de non-agression entre Hitler et Staline 1939
68%
L’Allemagne envahit la Pologne (jour,mois,année) 1er septembre 1939
60%
Nuit des Longs Couteaux en Allemagne (29 juin au 2 juillet) 1934
57%
Lois de Nuremberg 1935
57%
Appel du Général de Gaulle à Londres (jour,mois,année) 18 juin 1940
54%
Chute du mur de Berlin 1989
53%
Chute de l’URSS et fin de la Guerre Froide 1991
49%
Hiroshima (mois,année) Août 1945
49%
Crise de Cuba 1962
48%
Capitulation allemande (jour,mois,année) 8 mai 1945
46%
Passage du franc à l'euro 2002
45%
Élection d’Hitler comme chancelier en Allemagne qui reçoit les pleins pouvoirs et premiers camps de concentration. Début de la dictature nazie (jour,mois,année) 30 janvier 1933
45%
Débarquement de Normandie (jour,mois,année) 6 juin 1944
45%
Droit de vote pour les femmes en France 1944
43%
Accords d’Évian 1962
43%
Le Royaume-Uni puis la France réagissent et déclarent la guerre à l’Allemagne (jour,mois,année) 3 septembre 1939
43%
États-Unis et URSS s’affrontent, c’est la guerre froide (début et fin) 1947 à 1991
42%
Cinquième République 1958
42%
Loi abolissant la peine de mort 1981
41%
Traité de Maastricht 1992 (entrée en vigueur en 1993)
41%
Attaque japonaise de Pearl Harbor (jour,mois,année) 7 décembre 1941
41%
Plan Marshall, aide des États-Unis pour la reconstruction de l’Europe occidentale. Plan Jdanov, aide de l’URSS pour l’Europe de l’Est 1947
40%
Le blocus de Berlin 1948
40%
Traité de Rome qui crée la Communauté économique européenne (CEE) 1957 (entrée en vigueur en 1958)
40%
Assassinat de John Kennedy 1963
40%
Loi relative à l'interruption volontaire de grossesse dite loi Veil 1975
39%
Naissance de l’Organisation du Traité de l'Atlantique Nord, alliance militaire du camp occidental sous la direction des États-Unis 1949
38%
Youri Gagarine est le premier homme dans l'espace 1961
38%
Capitulation japonaise (jour,mois,année) 2 septembre 1945
38%
Guerre de Corée opposant américains aux communistes chinois (début et fin) 1950 à 1953
37%
Guerre coloniale en Algérie (début et fin) 1954 à 1962
37%
Gouvernement du Front Populaire en France et création de lois sociales (début et fin) 1936 à 1938
35%
Catastrophe nucléaire de Tchernobyl 1986
35%
décolonisation de l’Inde et du Pakistan 1947
33%
Printemps de Prague, les chars russes écrasent la révolte 1968
33%
Guerre d'Indochine (début et fin) 1946 à 1954
32%
Communauté européenne du charbon et de l’acier (CECA) regroupant l’Italie, la Belgique, les Pays-Bas et le Luxembourg. C’est le noyau de l’Europe nouvelle 1951 (entrée en vigueur en 1952)
32%
L’URSS et les pays de l’Europe de l’Est forment une alliance militaire : le pacte de Varsovie 1955
32%
Signature du traité de Lisbonne 2007 (entrée en vigueur en 2009)
31%
Avec la mission Apollo 11, Buzz Aldrin et Neil Armstrong sont les premiers à marcher sur la Lune (jour,mois,année) 21 juillet 1969
26%
Conférence de Yalta (mois,année) Février 1945
26%
Signature des accords de Schengen (Allemagne, France, pays du Benelux) 1985
25%
La France accorde l’émancipation pacifique des colonies d’Afrique Noire (à peu près, donner la décennie) Milieu des années 1950
25%
Début de la Bataille de France (Invasion des Pays-Bas, de la Belgique, du Luxembourg et de la France par le Troisième Reich) (jour,mois,année) 10 mai 1940
24%
Conférence de Bandung en Indonésie 1955
24%
Guerre du Viêt nam (début et fin) 1955 à 1975
24%
Vote des pleins pouvoirs constituants à Philippe Pétain ce qui met fin à la Troisième République et institue le régime de Vichy (jour,mois,année) 10 juillet 1940
23%
Rapprochement Franco-Allemand avec le traité de l'Élysée 1963
23%
La convention de Schengen est mise en vigueur 1995
23%
Signature du traité d'Amsterdam 1997 (entrée en vigueur en 1999)
23%
Signature du traité de Nice 2001 (entrée en vigueur en 2003)
23%
Accords de Genève 1954
22%
Accords d’Helsinki (CSCE) marquent l’apogée de la Détente 1975
22%
Attaque allemande de l’URSS (opération Barbarossa) (jour,mois,année) 22 juin 1941
22%
Manifestation antiparlementaire à Paris suit à l'affaire Stavisky (jour,mois,année) 6 février 1934
21%
Accords de Paix de Paris 1973
18%
Drôle de guerre (début et fin/jour,mois,année) 3 septembre 1939 au 10 mai 1940
18%
Bataille de Stalingrad (début et fin/mois,année) Juillet 1942 à Février 1943
17%
Procès de Nuremberg (début et fin/mois,année) Novembre 1945 à octobre 1946
15%
La Détente dans la Guerre Froide (début et fin) 1963 à 1979
11%
Aucun quiz correspondant
Distribution des résultats
% des personnes avec chaque résultat
Percentile par nombre de réponses
Votre historique - résultats
Vous n’avez pas pris ce quiz depuis la dernière actualisation